Score 0/30 Timer 03:00
2 Plays Today
Name Number % Correct
Connect ___Four
97.1%
___ Dollar BabyMillion
80.9%
Catch-___22
78.5%
Love Potion No. ___Nine
77%
(Get Your Kicks On) Route ___66
73.1%
B-___'s52
70.4%
___ Dog NightThree
69.9%
___ Pickup52
69.9%
___ Easy PiecesFive
64.8%
___ Is EnoughEight
62%
Crazy ___Eights
60.9%
___ Leagues Under the Sea20,000
60.8%
Ali Baba and the ___ThievesForty
59.1%
867-___/Jenny5309
55.9%
When I'm ___Sixty-Four
50.8%
Name Number % Correct
Fahrenheit ___451
49.2%
Car ___, Where Are You?54
47.2%
(___) Days of Summer500
47%
___ Ways to Leave Your Lover50
44%
The ___ Chinese BrothersSeven
35.6%
___ Maniacs10,000
35.5%
Adam-___12
30.8%
___ or 6 to 425
28.3%
The ___ Steps39
27.8%
Highway ___ Revisited61
15.1%
___ Apples Up on Top!Ten
12.8%
MC___5
8.4%
The Crying of Lot ___49
7.9%
THX ___1138
7.7%
Janet Jackson's Rhythm Nation ___1814
3.9%

Today's Daily Dose

Missing Word
'T' Pairs

Word Ladder
Game Pieces

Get the Picture
Baseball Movies

Remove Ads.
Support Sporcle.
Get the best of Sporcle when you Go Orange. This ad-free experience offers more features, more stats, and more fun while also helping to support Sporcle. Thank you for becoming a member.

You're not logged in!

Compare scores with friends on all Sporcle quizzes.
OR
Log In

Show Comments

Extras

Top Quizzes Today


Score Distribution

Your Account Isn't Verified!

In order to create a playlist on Sporcle, you need to verify the email address you used during registration. Go to your Sporcle Settings to finish the process.

Report this User

Report this user for behavior that violates our Community Guidelines.

Details: